header

Magento PHP Developer's guide (Record no. 12839)

MARC details
000 -LEADER
fixed length control field 01209nam a2200301Ia 4500
100 1# - MAIN ENTRY--AUTHOR NAME
Personal name MacGregor, Allan.
245 10 - TITLE STATEMENT
Title Magento PHP Developer's guide
260 ## - PUBLICATION, DISTRIBUTION, ETC. (IMPRINT)
Place of publication Birmingham, U.K. :
Name of publisher Packt Pub.,
Year of publication c2013.
300 ## - PHYSICAL DESCRIPTION
Number of Pages iv, 239 p. :
Other physical details ill. (some col.)
500 ## - GENERAL NOTE
General note Includes index.
650 #0 - SUBJECT ADDED ENTRY--TOPICAL TERM
Topical Term Web site development.
Topical Term Electronic commerce.
Topical Term PHP (Computer program language)
856 40 - ELECTRONIC LOCATION AND ACCESS
Uniform Resource Identifier http://site.ebrary.com/lib/rucke/Doc?id=10684505

No items available.

© 2026 Rongo University
Contact us: librarian | system librarian | Rongo university